000 00556cas a22001935a 4500
001 L138878
008 070717d19861996xxkar p 0 a0eng u
035 _a(Sirsi) u138878
041 0 _aeng
240 _aEstates Times
_bIndustrial Review
245 0 4 _aThe Industrial Market
_ban Estates Times Supplement
260 _aLondon
_b Estates Times
_c[1986]-1996
362 0 _a[1986]-23 February 1996
554 _aOne per year
651 4 _aUnited Kingdom
_y
690 _aPROPERTY-INDUSTRIAL PROPERTY
785 0 0 _tProperty Week
_x0969-7594
942 _n0
999 _c119054
_d119054